000
00265nam a2200109Ia 4500
008
230907s9999||||xx |||||||||||||| ||und||
082
_a
153.42
_b
COT
245
0
_a
Critical thinking skills :
260
_a
Palgrave,
_b
London :
_c
2017
300
_a
309 p.
942
_c
BK
999
_c
600139
_d
600139